Fixní idea /

Uložené v:
Podrobná bibliografia
Hlavný autor: Andrejev, Leonid Nikolajevič, 1871-1919 (Author)
Ďalší autori: Dušková, Ludmila, 1932-2010 (Translator), Boudník, Vladimír (Illustrator)
Médium: Kniha
Jazyk:Czech
Russian
Vydané: Praha : Odeon, 1968.
Vydanie:1. vyd.
ISBN: (viaz.)
Fyzický popis: 99 s.
Tagy: Pridať tag
Žiadne tagy, Buďte prvý kto otaguje tento záznam!

MARC

LEADER 00000nam a2200000 a 4500
001 000425821
005 20130706112931.0
008 940126s1968 xr u cze d
020 |a (viaz.)  |c Kčs 8,00 
040 |a SVKKK  |b slo  |c SVKKK  |e AACR2 
041 1 |a cze  |h rus 
044 |a xr  |c CZ 
100 1 |a Andrejev, Leonid Nikolajevič,  |d 1871-1919  |4 aut 
245 1 0 |a Fixní idea /  |c Leonid Nikolajevič Andrejev ; [il. Vladimír Boudník ; z rus. orig. přel. Ludmila Dušková]. 
250 |a 1. vyd. 
260 |a Praha :  |b Odeon,  |c 1968. 
300 |a 99 s. 
700 1 |a Dušková, Ludmila,  |d 1932-2010  |4 trl 
700 1 |a Boudník, Vladimír  |4 ill 
910 |a svkkk 
998 |a BK 
090 |g SCKHL  |k Sklad Hlavná 10 suterén  |a I.34621  |j 398311  |i 2720626121  |s Absenčne